000 00542nam a2200229 a 4500
001 nice12345678
003 IN_TiNIC
005 20260116011320.0
008 050524s1910 lona grp 000 0 eng
020 _a
_c100
082 0 0 _a239
_bPFA1
100 _aPfander, C G
245 _aMizanul Haqq
_b Balance of Truth
260 _aLondon
_bChurch Missionary Society
_c1910
300 _a304p
500 _aincludes index and biblioraphy
505 2 _aIndex
650 _aApologetics
902 _bSRS
942 _cBK
999 _c436
_d436